000 00326nam a22001457a 4500
003 SGT
020 _a978-93-8669-109-5
082 _a611.03
_bE17K
100 _aKUMAR,BRIJESH.
245 _aEMBRYOLOGY TEXT & ATLAS
260 _aNEW DELHI
_bWOLTERS KLUWER
_c2017
300 _a278
650 _aAYURVEDA
942 _2ddc
_cBK
_017
999 _c14937
_d14937